000 00646nam a2200193Ii 4500
003 JO-AjNU
008 230605s9999||||xx |||||||||||||| ||und||
040 _aJO-AjNU
_bara
_erda
_cJO-AjNU
041 _aara
050 1 4 _aBP131.5 R24 1996
100 3 _aالراجحي، عبده,
_eauthor
_916376
245 0 0 _aاللهجات العربية في القراءات القرانية
264 3 1 _aالازايطة: دار المعرفة الجامعية، 1996
300 _a276ص
336 _atext
_btxt
_2rdacontent
337 _aunmediated
_bn
_2rdamedia
338 _avolume
_bnc
_2rdacarrier
650 4 _aالقران - القراءات
_916377
999 _aA4838
_c8406
_d8406